[Event "UZB-ch Men 2018"]
[Site "Tashkent"]
[Date "2018.05.10"]
[Round "8.5"]
[White "Yakubboev, Nodirbek"]
[Black "Fayzullaev, Akmal"]
[Result "1-0"]
[WhiteElo "2493"]
[BlackElo "2382"]
[Annotator "TA"]
[PlyCount "83"]
[EventDate "2018.05.13"]
[EventType "tourn"]
[EventCountry "UZB"]

{[%evp 14,83,35,37,84,67,67,54,80,75,113,92,126,120,113,103,152,138,154,166,179,116,107,102,113,118,102,108,107,106,106,104,110,115,116,128,127,118,106,81,92,88,116,116,118,116,177,157,167,145,190,188,169,163,144,187,177,212,197,185,178,79,81,0,201,174,249,233,623,596,29997,29998]} 1. d4 Nf6 2. c4 c5 3. Nf3 cxd4 4. Nxd4 e5 5. Nb5 d5 6. cxd5 Bc5 7. N5c3 O-O 8. g3 {LiveBook: 159 Games} b5 {A31: Symmetrical English: 2 Nf3 Nf6 3 d4} (8... Ng4 9. e3 f5 10. Be2 Nd7 11. a3 Ndf6 12. b4 Bb6 13. h3 Nh6 14. Qb3 Kh8 15. Ra2 Bd7 16. Nd2 f4 17. exf4 exf4 {0-1 (30) Kobo,O (2500)-Paravyan,D (2613) Batumi 2018}) 9. a3 $146 ({Predecessor:} 9. Bg2 Qb6 10. O-O Bb7 11. Na3 a6 12. Nc2 Rd8 13. Be3 Nc6 14. Bxc5 Qxc5 15. Rc1 Ne7 16. e4 {1-0 (28) David,V (2373)-Emmenecker,P (2205) France 2007}) 9... a5 10. Bg2 Qb6 {White is slightly better.} 11. O-O Nbd7 12. Nd2 Ba6 13. Nde4 Bd4 14. Re1 Qa7 15. e3 Bxc3 16. Nxc3 b4 17. Na4 (17. axb4 $18 axb4 18. Na2) 17... e4 $16 18. b3 $1 Rfc8 {...Bd3 would now be nice for Black.} 19. Bb2 Bd3 20. axb4 axb4 21. Rc1 Rxc1 22. Qxc1 Nxd5 23. Qc6 N7f6 24. Nc5 Rd8 {Threatens to win with ...Ne7.} 25. Bxf6 Nxf6 {[%cal Bd5f6,Bf6e4,Be4d2][%mdl 32]} 26. Bxe4 Nxe4 27. Nxd3 $40 {[%mdl 128] White attacks with force.} Qe7 {[#]} 28. Ra1 $1 Nd2 29. Ra8 {Qb7! is the strong threat.} Nxb3 {[#]} (29... h6 $16 30. Rxd8+ Qxd8 31. Nxb4 Nxb3) 30. Qe4 $1 $18 {[%mdl 512]} Qd7 (30... Qxe4 31. Rxd8+) 31. Rxd8+ Qxd8 32. Qxb4 Na5 33. Qb5 g6 34. Nf4 Qd1+ 35. Kg2 Nb3 36. Qe8+ Kg7 {intending ...Nd2.} 37. Qe7 (37. Qe5+ $18 Kh6 38. Nd5) 37... Kg8 $16 38. Qe8+ (38. Kh3 $16) 38... Kg7 $18 39. Qe5+ Kg8 {[#]} (39... Kh6 $142) 40. Nd5 $1 {[%cal Rd5f6] And now Nf6+ would win.} Nd2 $2 (40... h5 41. e4 Qd3 42. Nf6+ Kf8 43. Qb8+ Kg7) 41. Nf6+ Kf8 {[%csl Gd2][%cal Rd1f1]} 42. Nd7+ {Precision: White = 79%, Black = 57%.} 1-0

[Event "UZB-ch Men 2018"]
[Site "Tashkent"]
[Date "2018.05.10"]
[Round "8.6"]
[White "Jumanov, Elbek"]
[Black "Khoroshev, Nikita"]
[Result "1/2-1/2"]
[WhiteElo "2283"]
[BlackElo "2340"]
[PlyCount "65"]
[EventDate "2018.05.13"]
[EventType "tourn"]
[EventCountry "UZB"]
[TimeControl "5400+30"]

1. c4 Nf6 2. Nf3 g6 3. g3 Bg7 4. Bg2 O-O 5. O-O c6 6. Nc3 d5 7. d4 dxc4 8. a4 a5 9. e4 Na6 10. Qe2 Nb4 11. Qxc4 Bg4 12. Bf4 Nd7 13. Rad1 Qc8 14. d5 cxd5 15. Qxc8 Rfxc8 16. Nxd5 Nxd5 17. Rxd5 Nc5 18. e5 Nxa4 19. Rb5 Nc5 20. Be3 Nd7 21. Ra1 Rd8 22. h3 Bf5 23. Nd4 Bd3 24. Rxb7 Nxe5 25. Rxe7 Ra6 26. Bb7 Rad6 27. Nb3 Nc4 28. Nxa5 Nxe3 29. Rxe3 Bxb2 30. Rd1 Bf5 31. Rxd6 Rxd6 32. Nc4 Rd1+ 33. Kg2 1/2-1/2

[Event "UZB-ch Men 2018"]
[Site "Tashkent"]
[Date "2018.05.10"]
[Round "8.7"]
[White "Vahidov, Tair"]
[Black "Barsov, Alexei"]
[Result "1/2-1/2"]
[WhiteElo "2400"]
[BlackElo "2411"]
[Annotator "TA"]
[PlyCount "33"]
[EventDate "2018.05.13"]
[EventType "tourn"]
[EventCountry "UZB"]

{[%evp 23,30,19,7,7,14,10,9,14,17]} 1. d4 Nf6 2. c4 e6 3. Nf3 d5 4. Nc3 Be7 5. Bg5 h6 6. Bh4 O-O 7. e3 b6 8. Be2 dxc4 9. Bxc4 Bb7 10. O-O Ne4 11. Bxe7 Qxe7 {D58: Queen's Gambit Declined: Tartakower Defence} 12. Nxe4 Bxe4 {LiveBook: 13 Games. The position is equal.} 13. Bd3 (13. Rc1 Rc8 14. Be2 c5 15. dxc5 Rxc5 16. Qd4 Bd5 17. Rxc5 bxc5 18. Qa4 Nd7 19. e4 {½-½ (36) Graf,A (2628)-Slobodjan,R (2535) Germany 2012}) 13... Bxd3 14. Qxd3 Nd7 15. Rac1 c5 {Predecessor:} 16. Rfd1 $146 Rfd8 17. Qa3 {½-½ (17) Wilfling,H (2181)-Peinhopf,R (2128) Austria 2015} 1/2-1/2

[Event "UZB-ch Men 2018"]
[Site "Tashkent"]
[Date "2018.05.11"]
[Round "9.1"]
[White "Barsov, Alexei"]
[Black "Abdisalimov, Abdimalik"]
[Result "0-1"]
[WhiteElo "2411"]
[BlackElo "2317"]
[Annotator "TA"]
[PlyCount "90"]
[EventDate "2018.05.13"]
[EventType "tourn"]
[EventCountry "UZB"]

{[%evp 25,90,93,110,97,109,114,112,63,67,52,54,45,41,41,50,45,17,27,8,12,58,53,41,29,84,72,95,87,96,82,86,86,85,89,183,179,163,162,187,179,312,340,323,273,299,117,138,0,0,0,464,0,0,-130,-130,-130,-130,-1251,-1544,-1078,-1022,-6127,-6109,-6079,-5401,-2246,-1982]} 1. d4 Nf6 2. c4 c5 3. d5 e6 4. Nc3 exd5 5. cxd5 d6 6. e4 g6 7. Bd3 Bg7 8. h3 O-O 9. Nf3 Re8 10. O-O c4 11. Bc2 a6 12. a4 {[%cal Ba2a4,Ba4a5][%mdl 32]} Nbd7 13. Be3 Qc7 {LiveBook: 10 Games. A70: Modern Benoni: 6 e4 g6 7 Nf3} 14. a5 Nc5 15. Nd2 $146 ({Predecessor:} 15. Re1 Nfd7 16. Bd4 Ne5 17. Nxe5 Bxe5 18. Bxe5 Rxe5 19. Qd4 b5 20. axb6 Qxb6 21. Reb1 {½-½ (38) Lazarev,V (2362)-Battaglini,G (2475) Balagna 2017}) 15... Bd7 {White is better.} 16. Re1 Bb5 17. Bd4 Nfd7 18. Bxg7 Kxg7 19. f4 Nd3 20. Bxd3 Qc5+ 21. Kh2 cxd3 22. Ra3 Qf2 23. Rf1 $36 {[%mdl 2048] White fights for an advantage.} Qd4 24. Nf3 Qf6 (24... Qb4 $11) 25. Qd2 $16 Rac8 26. Qe3 $1 Rc4 27. Nd2 Rd4 28. Nxb5 axb5 29. Rxd3 Rxd3 (29... Rb4 $16) 30. Qxd3 $18 Qxb2 31. Rb1 Qf6 32. Qe3 $1 Qh4 (32... b6 $142) 33. Rxb5 Nf6 {Threatens to win with ...Ng4+.} 34. Kg1 Kg8 35. g4 $2 (35. Rxb7 $6 Nxd5 36. Qf2 Qxf2+ 37. Kxf2 Nxf4 $16) (35. Nf3 $1 $18 {[%cal Rf3h4] is the precise move to win.} Qh6 36. Ng5) 35... Rc8 $16 36. Rxb7 ({White should play} 36. Nf1 $16) 36... h5 $1 $11 37. g5 Rc1+ $2 {[%mdl 8192]} (37... Ng4 $1 $11 {and Black stays safe.} 38. hxg4 Rc1+ 39. Nf1 Qxg4+ 40. Kf2 Qd1) 38. Nf1 $2 ({White has to play} 38. Kg2 $18 Ng4 39. Qd4 (39. hxg4 Qh1+ 40. Kg3 h4+ 41. Kf2 Qh2+ 42. Kf3 Qg3+ 43. Ke2 Re1+ 44. Kd3 Qxe3+ 45. Kc4 Qc5+ 46. Kb3 Re3+ 47. Kb2 Qc3+ 48. Ka2 Qa3+ 49. Kb1 Re1+ 50. Kc2 Rc1#)) 38... Ng4 $1 {[%cal Rg4e3]} 39. hxg4 (39. Rb8+ $11 Kh7 40. Qf3 (40. Qxc1 Qf2+ 41. Kh1 Qf3+ 42. Kg1 Qf2+ 43. Kh1 Qf3+ 44. Kg1 Qf2+ $11) (40. hxg4 Qxg4+ 41. Kf2 Qd1 $11) 40... Rxf1+ 41. Qxf1 Qg3+ 42. Qg2 Qe1+ 43. Qf1 Qg3+ 44. Qg2 Qe1+ 45. Qf1 Qg3+) 39... Qxg4+ $17 40. Kf2 {[#]} Qd1 $1 {[%cal Rd1f1]} 41. Qh3 $2 {[%mdl 8192] [#]} (41. Qxc1 $17 Qxc1 42. Ne3 Qd2+ 43. Kf3 Qxa5 44. Rb8+ Kh7 45. Rb7) 41... Qd4+ $1 $19 {Black is clearly winning.} 42. Kg2 Qxe4+ 43. Qf3 Rc2+ 44. Kg3 {[#]} h4+ $1 {[%mdl 512]} 45. Kg4 (45. Kxh4 Qxf3) 45... Rg2+ {Precision: White = 64%, Black = 64%.} 0-1

[Event "UZB-ch Men 2018"]
[Site "Tashkent"]
[Date "2018.05.11"]
[Round "9.2"]
[White "Khoroshev, Nikita"]
[Black "Vahidov, Tair"]
[Result "1/2-1/2"]
[WhiteElo "2340"]
[BlackElo "2400"]
[PlyCount "114"]
[EventDate "2018.05.13"]
[EventType "tourn"]
[EventCountry "UZB"]
[TimeControl "5400+30"]

1. d4 Nf6 2. Nc3 d5 3. Bg5 Nbd7 4. Nf3 e6 5. e4 dxe4 6. Nxe4 h6 7. Nxf6+ Nxf6 8. Bh4 Be7 9. c3 O-O 10. Bd3 b6 11. Qe2 Bb7 12. Ba6 Bxa6 13. Qxa6 Nd5 14. Bg3 c5 15. O-O Qc8 16. Qa4 a6 17. c4 b5 18. cxb5 Nb6 19. Qa5 Nc4 20. Qc3 axb5 21. Qb3 Qa6 22. Rfc1 cxd4 23. Nxd4 Rfd8 24. Rd1 Rd5 25. h3 Bf6 26. Nc2 Rxd1+ 27. Rxd1 Nxb2 28. Nb4 Qa4 29. Rd7 Qxb3 30. axb3 Ra3 31. Rb7 Rxb3 32. Rxb5 Kh7 33. Rb8 Bd4 34. Nc6 Rxb8 35. Bxb8 Bb6 36. Kf1 Nd3 37. f3 Nc5 38. Bg3 Nd7 39. Ne5 Nxe5 40. Bxe5 g6 41. g4 Kg8 42. Ke2 Kf8 43. Kd3 Ke7 44. Bf4 h5 45. Be5 Kd7 46. Kc4 Kc6 47. Bg3 Bc7 48. Bf2 f5 49. gxf5 gxf5 50. Be3 Bd6 51. Bd4 Bf4 52. Ba7 Kd7 53. Kd3 Ke7 54. Bb6 Kf6 55. Ke2 Bd6 56. Be3 Ke5 57. Kd3 Kd5 {Ke4+} 1/2-1/2

[Event "UZB-ch Men 2018"]
[Site "Tashkent"]
[Date "2018.05.11"]
[Round "9.3"]
[White "Fayzullaev, Akmal"]
[Black "Jumanov, Elbek"]
[Result "1-0"]
[WhiteElo "2382"]
[BlackElo "2283"]
[PlyCount "99"]
[EventDate "2018.05.13"]
[EventType "tourn"]
[EventCountry "UZB"]
[TimeControl "5400+30"]

1. e4 c5 2. Nf3 e6 3. c3 Nf6 4. e5 Nd5 5. d4 cxd4 6. cxd4 d6 7. Bc4 Bd7 8. Bxd5 exd5 9. Nc3 Be7 10. O-O Be6 11. Qb3 Qd7 12. Bf4 Nc6 13. exd6 Bxd6 14. Bxd6 Qxd6 15. Qxb7 Rb8 16. Qa6 O-O 17. b3 Bg4 18. Ne5 Rb6 19. Qd3 Nb4 20. Qd2 Bf5 21. Na4 Rbb8 22. Nc5 f6 23. Ned3 Nc6 24. Nf4 Rb4 25. Ne2 Re8 26. a3 Rbb8 27. Rfe1 Bg4 28. Ng3 h5 29. h3 h4 30. Nf1 Bh5 31. b4 g5 32. Rac1 Bg6 33. Ne3 Kh7 34. Nb3 Re4 35. Qc3 Rb6 36. Qc5 Qxc5 37. Nxc5 Rxd4 38. Nd7 Ne5 39. Nxb6 axb6 40. Red1 Bd3 41. Rc3 Kg6 42. f4 gxf4 43. Ng4 Rc4 44. Nxe5+ fxe5 45. Rdxd3 Rxc3 46. Rxc3 d4 47. Rc6+ Kf5 48. Rxb6 Ke4 49. a4 d3 50. Rd6 {Kd5} 1-0

[Event "UZB-ch Men 2018"]
[Site "Tashkent"]
[Date "2018.05.11"]
[Round "9.4"]
[White "Tillyaev, Ulugbek"]
[Black "Yakubboev, Nodirbek"]
[Result "0-1"]
[WhiteElo "2292"]
[BlackElo "2493"]
[Annotator "TA"]
[PlyCount "108"]
[EventDate "2018.05.13"]
[EventType "tourn"]
[EventCountry "UZB"]

{[%evp 9,108,-12,0,0,0,-6,0,0,6,0,6,0,27,0,0,0,0,0,10,0,22,11,25,15,23,0,-7,-7,24,38,24,26,39,40,73,66,87,0,0,0,0,-46,0,0,0,-135,-127,-127,-127,-127,-127,-127,-127,-128,-129,-129,-141,-169,-169,-169,-169,-172,-169,-195,-168,-207,-206,-192,-128,-305,-298,-276,-162,-213,-201,-237,-218,-256,-252,-286,-191,-413,-410,-413,-413,-845,-775,-651,-413,-413,-444,-1324,-1293,-1200,-1182,-1416,-1349,-29983,-29984,-29984,-29985]} 1. e4 e5 2. Nf3 Nc6 3. Bb5 Nf6 4. Qe2 Bc5 5. c3 Bb6 6. Na3 $146 {C65: Ruy Lopez: Berlin Defence (3...Nf6), unusual lines and 4 0-0 Bc5} ({Predecessor:} 6. O-O Qe7 7. d3 d6 8. Nbd2 a6 9. Ba4 Bg4 10. h3 Bh5 11. Nc4 Ba7 12. Ne3 O-O 13. Nf5 {1-0 (50) Guliyev,N (2580)-Bonnaud,R (2230) Le Port Marly 2013}) 6... O-O 7. d3 d6 8. Bg5 {The position is equal.} Ne7 9. Bxf6 gxf6 10. Nc4 f5 11. Nxb6 axb6 12. Bc4 Ng6 13. g3 Qf6 14. Nd2 Be6 15. h4 c6 16. a3 b5 17. Bb3 Bxb3 18. Nxb3 fxe4 19. dxe4 Qe6 20. Nd2 f5 21. O-O-O fxe4 22. Nxe4 d5 23. Ng5 ({Better is} 23. Nc5 $16 Qf5 24. h5) 23... Qf5 $11 24. Qh5 {[%csl Gg5][%cal Rh5h7]} Nh8 25. Rhe1 {And now Rxe5! would win.} Nf7 26. f4 $1 Rae8 27. Ne4 (27. Rf1 $11) 27... Qxh5 $17 28. Nf6+ Kg7 29. Nxh5+ Kg6 30. g4 Nh6 $1 $36 {[%csl LRf4,LRg4][%mdl 2048] White is under strong pressure.} 31. fxe5 {Strongly threatening Nf6.} Nxg4 32. Nf6 Nxf6 33. exf6 Rxe1 34. Rxe1 Rxf6 {[%mdl 4096] Endgame KR-KR} 35. Rg1+ Kf7 36. Rg4 Rf2 37. a4 bxa4 38. Rxa4 {intending Ra7.} Re2 (38... Ke6 $19 39. Ra7 Rf1+ 40. Kd2 Rf2+ 41. Kc1 Rf7) 39. Rb4 $2 (39. b4 $17 {is a better defense.}) 39... b5 $19 40. Rf4+ Kg6 (40... Ke6 $142 41. Rf3 Rh2) 41. b3 (41. Rg4+ {was called for.} Kf7 42. Rg5) 41... Re4 42. Rf8 Re6 $1 ({Much less strong is} 42... Rxh4 43. Rc8) 43. Kd2 {[#]} Rf6 $1 {[%cal Rf6f8]} 44. Rh8 {[#]} h6 $1 {[%cal Bh7h6,Bh6h5][%mdl 32]} 45. Kd3 $2 (45. Rd8) 45... Kh5 46. Kd4 Re6 47. b4 (47. Kc5 $142 Kxh4 48. Rg8) 47... Kxh4 48. Kc5 h5 49. Rg8 Kh3 50. Rg5 (50. Kb6 $142) 50... h4 51. Rg1 Kh2 52. Rg4 Re4 53. Rxh4+ Rxh4 54. Kxc6 Rc4+ {Precision: White = 43%, Black = 70%.} 0-1

[Event "UZB-ch Men 2018"]
[Site "Tashkent"]
[Date "2018.05.11"]
[Round "9.5"]
[White "Sindarov, Javokhir"]
[Black "Vokhidov, Shamsiddin"]
[Result "1-0"]
[WhiteElo "2430"]
[BlackElo "2414"]
[Annotator "TA"]
[PlyCount "57"]
[EventDate "2018.05.13"]
[EventType "tourn"]
[EventCountry "UZB"]

{[%evp 17,57,0,0,4,7,-15,25,-14,-13,-54,-36,-58,-11,-29,-5,-22,56,57,51,63,65,63,141,150,143,147,145,150,145,152,156,155,150,158,145,100,97,93,204,225,683,680]} 1. e4 c5 2. Nc3 Nc6 3. Nf3 e6 4. g3 d5 5. exd5 exd5 6. Bg2 Nf6 7. O-O Be7 {B40: Sicilian: 2...e6, Unusual lines} 8. d4 O-O 9. h3 (9. dxc5 Bxc5 10. Bg5 Be6 11. Qd3 h6 12. Bxf6 Qxf6 13. Nxd5 Qxb2 14. Rfb1 Qa3 15. Qxa3 Bxa3 16. Nc7 Rab8 17. Nxe6 fxe6 {½-½ (32) Ter Sahakyan,S (2605)-Artemiev,V (2653) Martuni 2016}) 9... Ne4 {LiveBook: 3 Games. The position is equal.} 10. Ne2 Bf5 11. Be3 $146 ({Predecessor:} 11. dxc5 Nxc5 12. Ned4 Be4 13. Be3 Ne6 14. c3 Bf6 15. Re1 Re8 16. Nb3 Qc7 17. Nbd2 Bg6 18. Nb3 Be4 19. Nbd2 Bg6 {½-½ (19) Orlov,A (2525)-Dranov,A (2446) Germany 2011}) 11... Qd7 12. Kh2 Rad8 13. Nf4 Rfe8 14. c3 h6 15. Re1 c4 16. Nd2 Bg5 {[#]} ({Black should try} 16... g5 $11 17. Nh5 Bg6) 17. Nxd5 $1 $14 {[%mdl 512]} Qxd5 18. Bxg5 hxg5 19. Qf3 $1 {[%cal Rd2e4] [#]} Qb5 (19... Nxc3 $1 $14 {[%mdl 512]} 20. bxc3 Qxf3 21. Bxf3 Na5) 20. Nxe4 $16 Bxe4 21. Rxe4 Rxe4 22. Qxe4 Qxb2 {[#]} 23. Qe1 $1 {And now Rb1 would win.} Kf8 24. Rb1 Qxa2 25. Rxb7 Re8 26. Qc1 $40 {[%mdl 128] Black is in trouble.} Qxf2 27. Qxg5 Re1 (27... g6 $16 {was called for.} 28. Qh6+ Kg8) 28. h4 $18 Re2 $2 (28... Re8 29. Qc5+ Ne7 30. Rxa7 f5) 29. Qc5+ {Precision: White = 57%, Black = 31%.} 1-0

[Event "UZB-ch Men 2018"]
[Site "Tashkent"]
[Date "2018.05.11"]
[Round "9.6"]
[White "Saydaliev, Saidakbar"]
[Black "Dzhumaev, Marat"]
[Result "1/2-1/2"]
[WhiteElo "2361"]
[BlackElo "2451"]
[Annotator "TA"]
[PlyCount "87"]
[EventDate "2018.05.13"]
[EventType "tourn"]
[EventCountry "UZB"]

{[%evp 20,87,27,-11,0,-9,10,6,27,16,18,0,0,-10,33,29,30,30,71,79,85,85,107,70,83,69,90,76,76,71,75,75,89,67,139,52,58,57,87,91,90,0,15,16,15,0,0,0,0,0,0,0,0,0,0,0,0,0,0,0,0,0,0,0,0,0,0,0,0,0]} 1. e4 e6 2. d4 d5 3. Nd2 c5 4. exd5 exd5 5. Ngf3 Nc6 6. Be2 Bd6 7. dxc5 Bxc5 8. O-O Nge7 {[%cal Bg8e7,Be7g6,Bg6e5,Be5f3][%mdl 32]} 9. Nb3 Bb6 10. c3 O-O 11. Nfd4 {LiveBook: 3 Games} Re8 {B22: Sicilian: 2 c3} (11... Qd6) 12. Bf4 $146 ({Predecessor:} 12. Re1 Nf5 13. Nxf5 Bxf5 14. Bf4 Qd7 15. Qd2 Rad8 16. Rad1 d4 17. Bf3 Rxe1+ 18. Rxe1 dxc3 19. Qxc3 h6 20. Nc5 Qd4 21. Qxd4 Rxd4 22. Ne4 Bxe4 23. Rxe4 Rxe4 24. Bxe4 {½-½ (24) Dicicco,D (2024)-Fittante,S (2146) Grosseto 2009}) 12... Ng6 13. Bg3 Nge5 14. Re1 Bd7 15. Bf3 Nxf3+ 16. Qxf3 Qg5 17. Bf4 Qf6 {[%cal Rc6d4]} 18. Qxd5 Qxf4 19. Qxd7 Ne5 {[%cal Bc6e5,Be5g4,Bg4e3][%mdl 32]} 20. Qb5 h5 21. g3 Qf6 $1 22. Kg2 Re7 23. f4 Ng4 24. Qxh5 Ne3+ 25. Kh1 Rae8 26. Re2 a5 {[#]} (26... g6 $14 27. Qb5 a6) 27. Rae1 (27. Qb5 $1 $16) 27... a4 $14 28. Nd2 {Threatens to win with N2f3.} Bxd4 29. cxd4 Qxd4 30. Qf3 ({White should try} 30. Nf3 $16 Qc4 31. Ng5) 30... Kf8 {The position is equal.} 31. b3 a3 32. Nf1 Nxf1 33. Rxe7 Rxe7 34. Rxe7 $11 {[%mdl 4096] Endgame KQR-KQN} Qa1 35. Kg2 Kxe7 36. Qxb7+ Kd6 37. Qa6+ Kd5 38. Qc4+ Kd6 {[#] ( -> ...Ne3+)} 39. Qa6+ Kd7 {...Ne3+ is the strong threat.} 40. Qb7+ $1 Kd6 41. Qa6+ Kd7 42. Qb7+ Kd6 43. Qa6+ Kd7 44. Qb7+ {Precision: White = 58%, Black = 46%.} 1/2-1/2

[Event "UZB-ch Men 2018"]
[Site "Tashkent"]
[Date "2018.05.11"]
[Round "9.7"]
[White "Iuldachev, Saidali"]
[Black "Abdusattorov, Nodirbek"]
[Result "1-0"]
[WhiteElo "2469"]
[BlackElo "2550"]
[Annotator "TA"]
[PlyCount "93"]
[EventDate "2018.05.13"]
[EventType "tourn"]
[EventCountry "UZB"]

{[%evp 19,93,80,67,39,43,53,134,133,103,79,77,70,64,73,152,125,184,181,192,137,189,181,177,169,175,132,204,167,325,280,315,284,337,190,206,87,91,75,458,433,468,468,718,279,298,302,319,298,273,209,389,389,375,383,478,370,437,415,403,0,278,169,336,322,375,369,364,352,506,521,486,474,29993,29994,29997,985]} 1. e4 c5 2. Nf3 d6 3. d4 cxd4 4. Nxd4 Nf6 5. Nc3 a6 6. Bg5 Nbd7 7. Bc4 Qc7 {B94: Sicilian Najdorf: 6 Bg5 Nbd7} (7... h6 8. Bh4 g6 9. Qe2 e5 10. Nb3 Be7 11. a4 Nb6 12. Bd3 Be6 13. a5 Nbd7 14. Bc4 Rc8 15. Bxe6 fxe6 16. O-O {1-0 (79) Nepomniachtchi,I (2751)-Fedoseev,V (2724) Moscow 2018}) 8. Bb3 e6 9. O-O Nc5 10. Bxf6 gxf6 {LiveBook: 3 Games} 11. f4 {[%cal Bf2f4,Bf4f5][%mdl 32]} h5 12. f5 Be7 {[#]} ({Black should play} 12... Bd7 $1 $14) 13. Kh1 $1 $16 Bd7 {[#]} 14. Rf3 $146 ({Predecessor:} 14. Qf3 Nxb3 15. cxb3 {1-0 (42) Moranda,W (2570)-Dragun,K (2523) Wroclaw 2013}) 14... Qa5 15. a3 Nxb3 16. cxb3 {[%cal Bc2b3,Bb3b4][%mdl 32]} Rc8 (16... O-O-O $142) 17. Qd2 b5 (17... Qb6 $16 {was worth a try.}) 18. b4 $18 Qb6 19. Re1 ({White should try} 19. Nde2 $18) 19... Kd8 (19... h4 $16 20. Rd1 Rc4) 20. Rg3 Rc4 21. Rd1 h4 22. Rg7 e5 (22... Ke8 $16) 23. Nf3 {aiming for Nd5.} Be8 $2 (23... Ke8) 24. h3 Rc8 25. Kh2 Bf8 26. Rg4 (26. Nd5 $142 Qc6 27. Rg4) 26... Bc6 27. Nd5 (27. Qe1 $18) 27... Bxd5 $16 28. Qxd5 Ke7 $2 {[%mdl 8192]} (28... Ke8 $16 {is tougher.}) 29. Nxh4 $18 Rh7 {[#]} 30. Ng6+ $1 {[%mdl 512]} Kd7 (30... Ke8 $142 31. Nxf8 Kxf8 32. Qxd6+ Qxd6 33. Rxd6 Rg7 34. Rxf6 Rxg4) (30... fxg6 31. Qe6+) 31. Nxf8+ $2 (31. Rh4 Rg7 32. Rh8) 31... Rxf8 32. Rg3 Rc8 33. Rc3 Rxc3 34. bxc3 {[%mdl 4096] Endgame KQR-KQR} Ke7 $2 (34... Qc6 35. Qc5 Qc7) 35. c4 bxc4 36. Qxc4 Rh4 37. Rd3 Qb7 38. Rd5 Qb6 39. Rd3 Qb7 $1 40. g4 $40 {[%mdl 128] Rc3 is the strong threat. White has strong attack.} Qa7 $2 (40... Qb6 {is a better defense.} 41. Kg2 Rh8) 41. Kg2 Rh8 42. Qc6 Rd8 43. h4 {[%cal Bh3h4,Bh4g5][%mdl 32]} Rd7 (43... Kf8 $142 44. Rxd6 Rxd6 45. Qxd6+ Kg8) 44. g5 fxg5 45. hxg5 {Threatening mate with f6+.} Qb8 (45... Qc7 $18 46. f6+ (46. Qxa6 Qc2+ 47. Kf3 Qc1 $11) 46... Kd8 47. Qxa6 Qc1 48. Qa8+ Kc7) 46. f6+ Kd8 47. Qxa6 {Precision: White = 58%, Black = 25%.} (47. Rh3 $142 Re7 48. Rh8+ Re8 49. Rxe8#) 1-0

[Event "UZB-ch Men 2018"]
[Site "Tashkent"]
[Date "2018.05.13"]
[Round "11"]
[White "Abdusattorov, Nodirbek"]
[Black "Dzhumaev, Marat"]
[Result "1/2-1/2"]
[WhiteElo "2550"]
[BlackElo "2451"]
[Annotator "TA"]
[PlyCount "145"]
[EventDate "2018.05.13"]
[EventType "tourn"]
[EventCountry "UZB"]
[SourceTitle "playchess.com"]
[Source "ChessBase"]
[SourceQuality "1"]

{[%evp 9,145,19,32,-1,4,-2,0,-8,0,0,22,8,14,0,0,-35,-27,-40,-16,-42,-51,-46,-36,-49,-21,-48,-65,-49,-14,-43,0,0,0,0,0,0,0,-6,0,0,10,-83,0,0,0,0,0,0,0,0,0,-102,-102,-102,-97,-102,-99,-100,-98,-98,-90,-104,-90,-120,-97,-116,-114,-120,-73,-82,-40,-43,-45,-69,-71,-71,-63,-63,-33,-40,-37,-34,-16,-22,-8,-24,0,0,0,-10,-10,-11,-11,-11,-11,-11,-11,-11,-11,-11,-11,-13,-13,-13,-8,-30,-8,-8,-8,-8,-8,-8,-8,-8,-8,-8,-8,-8,-8,-8,-8,-8,-8,-8,0,0,0,-8,0,-8,-8,-8,-8,-8,-8,-8,-8,-8]} 1. e4 e5 2. Nf3 Nc6 3. Nc3 Bb4 4. Bc4 Nf6 5. Nd5 O-O (5... d6 6. O-O Bc5 7. d4 Nxd4 8. Nxd4 Bxd4 9. Bg5 c6 10. Nxf6+ gxf6 11. Bh4 h5 12. c3 Bb6 13. Qf3 Rh6 14. h3 Be6 15. Bxe6 fxe6 {0-1 (88) Vlassov,N (2492)-Adams,M (2740) chessassistantclub.com INT 2004}) 6. Nxb4 {C55: Two Knights: 4 d3, 4 d4 exd4 5 e5 and Max Lange Attack} Nxb4 7. d3 d5 8. exd5 Bg4 9. Bb3 $146 ({Predecessor:} 9. Bg5 Bxf3 10. gxf3 Nbxd5 11. Qd2 Qd6 12. O-O-O a5 13. d4 {0-1 (45) Froehlich,P (2275)-Schlindwein,R (2440) Eislingen 1996}) 9... Nfxd5 10. h3 Bh5 11. g4 Bg6 12. Bg5 Qd6 13. Nh4 e4 {...Qe5 is the strong threat.} 14. Nxg6 Qxg6 15. Qd2 $1 exd3 16. O-O Rfe8 {Hoping for ...Re2.} 17. Rfe1 c6 {[%cal Rb4c2]} 18. c4 Nb6 {White should prevent ...h5.} 19. Be7 Nc2 20. Bxc2 $1 dxc2 21. b3 $1 h5 22. f3 $1 f6 23. Kg2 Rac8 24. Rac1 c5 25. Qf2 {[#]} (25. Rxc2 $11 Rc6 26. Rcc1) 25... Nd7 (25... Kf7 $1 $17 26. Bxc5 Nd7) 26. Qxc2 $11 Qxc2+ 27. Rxc2 hxg4 (27... Kf7 $5 28. Rce2 $8 hxg4 29. hxg4 Nf8 $11) 28. hxg4 Kf7 29. Rce2 Rc6 30. b4 (30. f4 $11) 30... cxb4 $17 31. Bxb4 Rxe2+ 32. Rxe2 {[%mdl 4096] Endgame [#] aiming for Re7+. KRB-KRN} Ne5 $1 ({Much weaker is} 32... Rxc4 $6 33. Re7+ Kg8 34. Bd6 $11) 33. c5 Nd3 34. Re4 Nxc5 35. Rd4 Ke6 36. Kg3 b6 37. f4 g6 38. Rd8 Rc7 39. Kf3 Rd7 40. Re8+ Kf7 41. Ra8 Ne6 {Strongly threatening ...a5.} 42. f5 Nd4+ 43. Ke4 Nc6 44. Bc3 gxf5+ 45. gxf5 Ne7 46. Bd4 Nd5 47. a3 Ke7 48. Rh8 {And now Rh7+ would win.} Kd6 49. Re8 Nc7 50. Rf8 Ke7 51. Rh8 Ne8 52. Rh7+ Kd6 53. Rxd7+ Kxd7 $11 {KB-KN} 54. Kd5 Nd6 55. Bxf6 Nxf5 56. a4 Ne3+ 57. Ke4 Nc4 58. Kd5 {The position is equal.} Na5 59. Bc3 Nb7 60. Bd4 Kc7 61. Be5+ Kc8 62. Bd4 Kd7 63. Be5 Nd8 64. a5 b5 65. a6 Nc6 66. Bh2 b4 67. Kc4 Ke6 68. Bg1 (68. Bg3 {keeps more tension.} Kd7 69. Bf4 Ke6 70. Bh2 Kd7 71. Bf4) 68... Kd6 {[#]} (68... Nb8 {is interesting.} 69. Kxb4 Nxa6+ 70. Kb5 Nc7+ 71. Kc5 Ne8) 69. Bxa7 $1 {[%mdl 512]} Nxa7 70. Kxb4 Kc6 71. Kc4 Kb6 72. Kd5 Kxa6 73. Ke4 {Precision: White = 54%, Black = 57%.} 1/2-1/2